[Event "FRA-ch Blitz Online Qual"]
[Site "Europe Echecs INT"]
[Date "2020.05.16"]
[Round "9"]
[White "Gombrowicz, Renaud"]
[Black "Shved, Jakov"]
[Result "0-1"]
[WhiteElo "1343"]
[BlackElo "1667"]
[PlyCount "68"]
[EventDate "2020.05.16"]
[EventType "swiss (blitz)"]
[EventRounds "15"]
[EventCountry "FRA"]
[SourceTitle "CBM 196 Extra"]
[Source "ChessBase"]
[SourceDate "2020.07.31"]
[SourceVersion "1"]
[SourceVersionDate "2020.07.31"]
[SourceQuality "1"]

1. e4 c5 2. Nf3 d6 3. c3 Nd7 4. d4 cxd4 5. cxd4 e6 6. Bc4 a6 7. 0-0 b5 8. Bb3 Bb7 9. Nc3 b4 10. Ne2 Bxe4 11. Ng3 Bb7 12. d5 Bxd5 13. Bxd5 exd5 14. Qxd5 Ngf6 15. Re1+ Be7 16. Qd4 0-0 17. Qxb4 Rc8 18. Be3 Nd5 19. Qd2 Nxe3 20. Qxe3 Re8 21. Rac1 Rxc1 22. Qxc1 Qb6 23. Nf5 Qb8 24. Nxe7+ Kf8 25. Nf5 Rxe1+ 26. Qxe1 Qxb2 27. Nxd6 Nf6 28. h3 Qxa2 29. Qb4 a5 30. Qb8+ Ke7 31. Nf5+ Ke6 32. Qe5+ Kd7 33. Nxg7 Qb1+ 34. Kh2 Qg6 0-1

[Event "FRA-ch Blitz Online Qual"]
[Site "Europe Echecs INT"]
[Date "2020.05.16"]
[Round "6"]
[White "Shved, Jakov"]
[Black "Batout, Ethan"]
[Result "0-1"]
[WhiteElo "1667"]
[BlackElo "1267"]
[PlyCount "72"]
[EventDate "2020.05.16"]
[EventType "swiss (blitz)"]
[EventRounds "15"]
[EventCountry "FRA"]
[SourceTitle "CBM 196 Extra"]
[Source "ChessBase"]
[SourceDate "2020.07.31"]
[SourceVersion "1"]
[SourceVersionDate "2020.07.31"]
[SourceQuality "1"]

1. e4 c5 2. Nf3 Nc6 3. d4 cxd4 4. Nxd4 g6 5. Nc3 Bg7 6. Be3 Nf6 7. f3 0-0 8. Qd2 d5 9. exd5 Nxd5 10. Nxd5 Qxd5 11. Nxc6 Qxd2+ 12. Bxd2 bxc6 13. 0-0-0 Rb8 14. b3 Bf5 15. Bf4 Rbd8 16. Bc4 e5 17. Bg5 Rd7 18. g4 Rxd1+ 19. Rxd1 Be6 20. Bxe6 fxe6 21. Rd7 Rxf3 22. Rxa7 Rf1+ 23. Kd2 Rf2+ 24. Ke3 Rxh2 25. a4 Rxc2 26. a5 Rc3+ 27. Ke4 Rxb3 28. a6 Rb4+ 29. Kf3 h6 30. Ra8+ Kh7 31. Be7 Ra4 32. a7 e4+ 33. Ke3 Bd4+ 34. Ke2 Rxa7 35. Rb8 Ra2+ 36. Kd1 e3 0-1